00654 2200229 4500001002100000005001700021008004100038035002400079040001200103082001500115084002000130100002000150245004800170260005400218300002900272500002800301504002800329650001900357700001800376850001200394990001800406INLIS00000000002381520161102094327.0  0010-111600000000069 aYOPDYOG 223a323.44 aSK 323.44 Muh M aMUHAMMAD IRSYAD aMisi dan visi pers islamc/ Muhammad Irsyad aYogyakartabUniversitas IAIN Sunan Kalijagac2001 aix, 79 lembarc; 29,5 cm aSkripsi Fakultas Dakwah aBibliografi: hlm. 78-79 aPers Indonesia aHAMDAN Daulay aYOPDYOG a44877-PD/A.12